Základy vektorovej algebry pojem geometrického vektora

Guardado en:
Detalles Bibliográficos
Autor principal: Hajduová, Zuzana, 1974-
Autor Corporativo: Ekonomická univerzita v Bratislave. Podnikovohospodárska fakulta so sídlom v Košiciach
Formato: Libro
Lenguaje:eslovaco
Publicado: Košice [2012]
Materias:
Etiquetas: Agregar Etiqueta
Sin Etiquetas, Sea el primero en etiquetar este registro!

MARC

LEADER 00000nam a2200000 4500
001 0164129
005 20240502072847.3
041 0 |a slo 
044 |a SK 
245 1 0 |a Základy vektorovej algebry  |b pojem geometrického vektora  |c Zuzana Hajduová 
264 1 |a Košice  |c [2012] 
300 |a 36 s. 
610 2 0 |a metódy matematické 
610 2 0 |a matice 
610 2 0 |a matematika 
100 1 |a Hajduová, Zuzana, 1974- 
710 2 |a Ekonomická univerzita v Bratislave. Podnikovohospodárska fakulta so sídlom v Košiciach